000 00970cab a2200265 4500
001 WB3414-19
008 090401t1998 xxu||||| |||| 00| 0 eng d
035 _a(Sirsi) u85531
041 _aeng
245 _aGreenbelt victory
260 _c1998
350 _a0
490 _aFinancial Times
_v4&5 April 1998, 7
490 _aTimes
_v4 April 1998, 7(2)
520 _aGovernment housebuilding policy has been successfully challenged by two recent decisions. Hertfordshire County Council voted unanimously to withdraw support for building 10,000 homes on greenbelt land and Lewes District Council in Sussex won a High Court ruling against the SoS decision to allow 113 houses on greenfield land near Peacehaven.
650 _aGREEN BELT LAND
650 _aHERTFORDSHIRE CC
650 _aHOUSE BUILDING
650 _aHOUSING DEVELOPMENT
650 _aLEWES CC
650 _aNEW HOMES
690 _aHOUSING-DEVELOPMENT
942 _n0
948 _c09/04/1998
999 _c53792
_d53792